Marvel Character (MCU) by Quote #1 - Statistics

General Stats
  • This quiz has been taken 151 times
  • The average score is 10 of 15
Answer Stats
Question Answer % Correct
“This drink… I like it. Another!” Thor
96%
“I’m sorry but Earth is closed today. You better pack it up and get out of here.” Iron Man
90%
“He may have been your father, boy, but he wasn’t your daddy.” Yondu
88%
“We are not doing Get Help.” Loki
82%
“Are you kidding? I’m working. I’m in a middle of interrogation. This moron is giving me everything.” Black Widow
73%
“I told you. I don’t want to join your super secret boy band.” Iron Man
69%
“Well, all the guys from my barbershop quartet are dead. Soo… no, not really..” Captain America
67%
“I am going to die surrounded by the biggest idiots in the galaxy.” Gamora
67%
“Sorry I just have one question. Who are you? Who is she? What the hell is going on?” Ant-Man
61%
“I’m still getting over the fact that you’re not a wizard. I was hoping you could change me into a giraffe.” Dane Whitman
59%
“Ahaha. You guys are so screwed now!” Bruce Banner
57%
“I knew I should’ve stretched.” Hawkeye
57%
“An empire toppled by its enemies can rise again. But one that crumbles from within, that's dead. Forever.” Helmut Zemo
57%
“Yes but the door was open so I assumed…” Vision
57%
“I seriously don’t know how you fit your head into that helmet.” Doctor Strange
29%
No matching quizzes found
Score Distribution
Percent of People with Each Score
Percentile by Number Answered
Your Score History
You have not taken this quiz